沖縄県の町字 - Statistics

General Stats
  • This quiz has been taken 23 times
    10 since last reset
  • The average score is 112 of 815
Answer Stats
市町村 町字 % Correct
粟国村 字西
83%
沖縄市
67%
今帰仁村 字謝名
67%
本部町 | 粟国村 字東
67%
北大東村 | 北谷町 字港
67%
那覇市 西
50%
那覇市 松山
50%
那覇市 若狭
50%
那覇市 字上間
50%
那覇市 上間
50%
宜野湾市 | 那覇市 長田
50%
本部町 | 那覇市 字古島
50%
宜野湾市 伊佐
50%
宜野湾市 新城
50%
宜野湾市 普天間
50%
宜野湾市 我如古
50%
宜野湾市 字我如古
50%
宜野湾市 嘉数
50%
浦添市 牧港
50%
浦添市 字牧港
50%
浦添市 港川
50%
八重瀬町 | 浦添市 字港川
50%
浦添市 勢理客
50%
名護市
50%
豊見城市 字豊見城
50%
東村 | 豊見城市 字平良
50%
豊見城市 字嘉数
50%
宮古島市 城辺字新城
50%
南城市 大里字平良
50%
国頭村 字与那
50%
国頭村 字奥
50%
今帰仁村 | 伊是名村 字勢理客
50%
中城村 字泊
50%
南風原町 字津嘉山
50%
北大東村 | 南大東村 字南
50%
八重瀬町 字東風平
50%
八重瀬町 | 竹富町 字新城
50%
那覇市
33%
那覇市 字安謝
33%
那覇市 安謝
33%
那覇市 字天久
33%
那覇市 天久
33%
那覇市 泉崎
33%
那覇市 字上之屋
33%
那覇市 上之屋
33%
那覇市 久米
33%
那覇市 久茂地
33%
那覇市 楚辺
33%
那覇市
33%
那覇市 壷川
33%
那覇市 壷屋
33%
那覇市
33%
那覇市 通堂町
33%
那覇市 樋川
33%
那覇市 前島
33%
那覇市 牧志
33%
那覇市 松尾
33%
那覇市 字銘苅
33%
那覇市 銘苅
33%
那覇市 小禄
33%
那覇市 字小禄
33%
那覇市 字具志
33%
那覇市 具志
33%
八重瀬町 | 那覇市 字高良
33%
那覇市 高良
33%
那覇市 字田原
33%
北谷町 | 南風原町 | 大宜味村 | +2 others 字宮城
33%
浦添市 | 那覇市 宮城
33%
那覇市 金城
33%
那覇市 古波蔵
33%
那覇市 字与儀
33%
沖縄市 | 那覇市 与儀
33%
中城村 | 八重瀬町 | 那覇市 字安里
33%
那覇市 安里
33%
那覇市 字国場
33%
那覇市 字識名
33%
那覇市 識名
33%
那覇市 字大道
33%
那覇市 字仲井真
33%
那覇市 繁多川
33%
那覇市 古島
33%
那覇市 字真地
33%
那覇市 真嘉比
33%
那覇市 字松川
33%
那覇市 松川
33%
那覇市 字寄宮
33%
那覇市 寄宮
33%
那覇市 松島
33%
那覇市 おもろまち
33%
宜野湾市 喜友名
33%
宜野湾市 野嵩
33%
宜野湾市 | 西原町 上原
33%
宜野湾市 愛知
33%
宜野湾市 神山
33%
宜野湾市 大謝名
33%
宜野湾市 字大謝名
33%
宜野湾市 真志喜
33%
宜野湾市 字真志喜
33%
宜野湾市 大山
33%
浦添市 城間
33%
浦添市 字城間
33%
名護市 | 沖縄市 宮里
33%
うるま市 | 名護市 字宮里
33%
中城村 | 糸満市 字新垣
33%
糸満市 字名城
33%
沖縄市 山内
33%
沖縄市 字山内
33%
沖縄市 久保田
33%
沖縄市 南桃原
33%
沖縄市 松本
33%
沖縄市 字松本
33%
沖縄市 知花
33%
沖縄市 字知花
33%
沖縄市 桃原
33%
北谷町 | 国頭村 | 沖縄市 | 西原町 字桃原
33%
豊見城市 字宜保
33%
豊見城市 宜保
33%
豊見城市 字我那覇
33%
豊見城市 字名嘉地
33%
豊見城市 字上田
33%
豊見城市 字真玉橋
33%
豊見城市 豊崎
33%
うるま市 | 大宜味村 字江洲
33%
うるま市 字高江洲
33%
うるま市 石川曙
33%
うるま市 石川伊波
33%
うるま市 与那城桃原
33%
うるま市 与那城上原
33%
うるま市 与那城宮城
33%
うるま市 勝連浜
33%
うるま市 勝連比嘉
33%
宮古島市 城辺字比嘉
33%
宮古島市 伊良部字長浜
33%
南城市 大里字大城
33%
中城村 | 国頭村 | 粟国村 字浜
33%
国頭村 字安田
33%
大宜味村 字謝名城
33%
大宜味村 | 竹富町 | 西原町 字上原
33%
大宜味村 字津波
33%
東村 字高江
33%
読谷村 字座喜味
33%
読谷村 字長浜
33%
読谷村 字楚辺
33%
嘉手納町 字嘉手納
33%
北中城村 字喜舎場
33%
北中城村 字島袋
33%
北中城村 字大城
33%
久米島町 | 北中城村 字比嘉
33%
中城村 字津覇
33%
中城村 字北上原
33%
中城村 字南上原
33%
西原町 棚原
33%
西原町 字棚原
33%
渡嘉敷村 字前島
33%
南大東村 字北
33%
八重瀬町 字具志頭
33%
与那国町 字与那国
33%
那覇市 旭町
17%
那覇市 東町
17%
那覇市 港町
17%
那覇市 垣花町
17%
那覇市 首里石嶺町
17%
那覇市 首里金城町
17%
那覇市 首里末吉町
17%
那覇市 字赤嶺
17%
那覇市 赤嶺
17%
那覇市 字栄原
17%
那覇市 字宇栄原
17%
那覇市 鏡原町
17%
那覇市 田原
17%
那覇市 三原
17%
那覇市 字鏡水
17%
宜野湾市 宜野湾
17%
宜野湾市 字宇地泊
17%
石垣市 字石垣
17%
石垣市 美崎町
17%
石垣市 字宮良
17%
浦添市 安波茶
17%
浦添市 屋富祖
17%
浦添市 仲西
17%
浦添市 字小湾
17%
浦添市 伊奈武瀬
17%
浦添市 内間
17%
浦添市 沢岻
17%
浦添市 字沢岻
17%
浦添市 経塚
17%
浦添市 字経塚
17%
浦添市 前田
17%
浦添市 字前田
17%
浦添市 西原
17%
浦添市 大平
17%
浦添市 字大平
17%
浦添市 西洲
17%
名護市 字親川
17%
名護市 字天仁屋
17%
名護市 字許田
17%
名護市 字三原
17%
名護市 字屋我
17%
名護市 大南
17%
名護市 字名護
17%
糸満市 字糸満
17%
糸満市 西崎
17%
糸満市 字武富
17%
糸満市 字阿波根
17%
糸満市 字潮平
17%
八重瀬町 | 糸満市 字与座
17%
沖縄市 | 糸満市 字大里
17%
糸満市 字国吉
17%
糸満市 字真栄里
17%
糸満市 字真壁
17%
糸満市 字南波平
17%
うるま市 | 南風原町 | 糸満市 字喜屋武
17%
糸満市 字伊原
17%
糸満市 字米須
17%
糸満市 潮崎町
17%
糸満市 字北波平
17%
沖縄市 越来
17%
沖縄市 城前町
17%
沖縄市 安慶田
17%
沖縄市 室川
17%
沖縄市 中央
17%
沖縄市 胡屋
17%
沖縄市 上地
17%
沖縄市 園田
17%
沖縄市 諸見里
17%
沖縄市 山里
17%
久米島町 | 本部町 | 沖縄市 字山里
17%
沖縄市 美里
17%
沖縄市 字美里
17%
沖縄市 登川
17%
沖縄市 字登川
17%
沖縄市 池原
17%
沖縄市 字池原
17%
沖縄市 古謝
17%
沖縄市 大里
17%
沖縄市 比屋根
17%
沖縄市 字比屋根
17%
沖縄市 泡瀬
17%
沖縄市 字泡瀬
17%
沖縄市 字白川
17%
沖縄市 字倉敷
17%
沖縄市 海邦
17%
沖縄市 高原
17%
沖縄市 美里仲原町
17%
豊見城市 字田頭
17%
豊見城市 字瀬長
17%
豊見城市 字与根
17%
豊見城市 字伊良波
17%
豊見城市 字座安
17%
豊見城市 字渡橋名
17%
渡嘉敷村 | 豊見城市 字渡嘉敷
17%
西原町 | 豊見城市 字翁長
17%
豊見城市 字保栄茂
17%
豊見城市 字高嶺
17%
豊見城市 字高安
17%
豊見城市 字金良
17%
豊見城市 字長堂
17%
豊見城市 字根差部
17%
うるま市 字田場
17%
うるま市 字西原
17%
うるま市 | 久米島町 字上江洲
17%
うるま市 | 東村 字川田
17%
うるま市 石川
17%
うるま市 石川東恩納
17%
うるま市 石川嘉手苅
17%
うるま市 石川東山
17%
うるま市 与那城西原
17%
うるま市 与那城中央
17%
うるま市 勝連南風原
17%
うるま市 勝連内間
17%
宮古島市 平良字西里
17%
宮古島市 平良字西原
17%
宮古島市 城辺字友利
17%
宮古島市 下地字与那覇
17%
宮古島市 下地字上地
17%
宮古島市 下地字嘉手苅
17%
宮古島市 上野字野原
17%
宮古島市 伊良部字仲地
17%
南城市 玉城字垣花
17%
南城市 玉城字仲村渠
17%
南城市 玉城字玉城
17%
南城市 玉城字奥武
17%
南城市 玉城字當山
17%
南城市 知念字山里
17%
南城市 知念字知念
17%
南城市 知念字久高
17%
南城市 佐敷字小谷
17%
南城市 佐敷字兼久
17%
南城市 佐敷字伊原
17%
南城市 佐敷字屋比久
17%
南城市 大里字大里
17%
南城市 大里字古堅
17%
国頭村 字半地
17%
中城村 | 国頭村 字奥間
17%
国頭村 字辺土名
17%
国頭村 字宇良
17%
国頭村 字謝敷
17%
国頭村 字辺野喜
17%
国頭村 字宜名真
17%
国頭村 字辺戸
17%
国頭村 字楚洲
17%
国頭村 字安波
17%
大宜味村 字大宜味
17%
大宜味村 字塩屋
17%
大宜味村 字田港
17%
東村 字有銘
17%
今帰仁村 字与那嶺
17%
今帰仁村 | 竹富町 字崎山
17%
今帰仁村 字玉城
17%
今帰仁村 字運天
17%
今帰仁村 字上運天
17%
本部町 字渡久地
17%
本部町 字野原
17%
本部町 字大堂
17%
本部町 字石川
17%
恩納村 字恩納
17%
恩納村 字山田
17%
宜野座村 字松田
17%
金武町 字金武
17%
読谷村 字喜名
17%
読谷村 字上地
17%
読谷村 字波平
17%
読谷村 字高志保
17%
読谷村 字渡慶次
17%
久米島町 | 読谷村 字儀間
17%
読谷村 字宇座
17%
読谷村 字瀬名波
17%
読谷村 字比謝
17%
読谷村 字古堅
17%
読谷村 字比謝矼
17%
読谷村 字牧原
17%
嘉手納町 字屋良
17%
嘉手納町 水釜
17%
嘉手納町 字水釜
17%
嘉手納町 | 西原町 字兼久
17%
嘉手納町 字久得
17%
嘉手納町 屋良
17%
北谷町 北前
17%
北谷町 字北前
17%
北谷町 北谷
17%
北谷町 字北谷
17%
北谷町 字吉原
17%
北谷町 字桑江
17%
北谷町 字上勢頭
17%
北谷町 字浜川
17%
北谷町 美浜
17%
北谷町 字美浜
17%
北谷町 字大村
17%
北中城村 字熱田
17%
八重瀬町 | 北中城村 字屋宜原
17%
北中城村 字安谷屋
17%
北中城村 字美崎
17%
北中城村 字ライカム
17%
中城村 字屋宜
17%
西原町 字幸地
17%
西原町 字内間
17%
久米島町 | 西原町 字嘉手苅
17%
西原町 字小那覇
17%
西原町 字我謝
17%
西原町 字東崎
17%
与那原町 字与那原
17%
与那原町 字東浜
17%
南風原町 字与那覇
17%
南風原町 字大名
17%
久米島町 | 南風原町 字兼城
17%
南風原町 字本部
17%
渡嘉敷村 字阿波連
17%
座間味村 字座間味
17%
伊是名村 字諸見
17%
久米島町 字奥武
17%
久米島町 字仲村渠
17%
久米島町 字仲地
17%
久米島町 字大原
17%
八重瀬町 字上田原
17%
八重瀬町 字志多伯
17%
八重瀬町 字宜次
17%
八重瀬町 字外間
17%
八重瀬町 字玻名城
17%
竹富町 字南風原
17%
竹富町 字竹富
17%
那覇市 奥武山町
0%
那覇市 山下町
0%
那覇市 首里赤田町
0%
那覇市 首里赤平町
0%
那覇市 首里池端町
0%
那覇市 首里大名町
0%
那覇市 首里大中町
0%
那覇市 首里儀保町
0%
那覇市 首里久場川町
0%
那覇市 首里崎山町
0%
那覇市 首里寒川町
0%
那覇市 首里平良町
0%
那覇市 首里汀良町
0%
那覇市 首里当蔵町
0%
那覇市 首里桃原町
0%
那覇市 首里鳥堀町
0%
那覇市 首里真和志町
0%
那覇市 首里山川町
0%
那覇市 栄原
0%
那覇市 字安次峰
0%
那覇市 字大嶺
0%
那覇市 住吉町
0%
中城村 | 那覇市 字当間
0%
宜野湾市 赤道
0%
宜野湾市 志真志
0%
宜野湾市 字佐真下
0%
宜野湾市 真栄原
0%
石垣市 字登野城
0%
名護市 | 石垣市 字大川
0%
南風原町 | 石垣市 字新川
0%
石垣市 新栄町
0%
石垣市 字名蔵
0%
石垣市 字崎枝
0%
伊江村 | 石垣市 字川平
0%
石垣市 字桴海
0%
石垣市 字平得
0%
石垣市 字真栄原
0%
本部町 | 石垣市 字大浜
0%
石垣市 字白保
0%
石垣市 字桃里
0%
石垣市 字伊原間
0%
石垣市 字平久保
0%
石垣市 字野底
0%
石垣市 浜崎町
0%
石垣市 八島町
0%
石垣市 南ぬ浜町
0%
石垣市 字登野城尖閣
0%
浦添市 仲間
0%
浦添市 字仲間
0%
浦添市 伊祖
0%
浦添市 字伊祖
0%
浦添市 当山
0%
名護市 大北
0%
名護市 東江
0%
名護市 宇茂佐の森
0%
名護市 字宇茂佐
0%
名護市 字為又
0%
名護市 字世冨慶
0%
名護市 字数久田
0%
名護市 字屋部
0%
名護市 字旭川
0%
名護市 字中山
0%
名護市 字古我知
0%
名護市 字呉我
0%
名護市 字我部祖河
0%
名護市 字伊差川
0%
名護市 字田井等
0%
名護市 字振慶名
0%
名護市 字川上
0%
名護市 字源河
0%
名護市 字大浦
0%
名護市 字二見
0%
名護市 字瀬嵩
0%
名護市 字辺野古
0%
名護市 字喜瀬
0%
うるま市 | 名護市 | 本部町 | 糸満市 字豊原
0%
名護市 字久志
0%
名護市 字幸喜
0%
名護市 字安和
0%
名護市 字山入端
0%
名護市 字勝山
0%
名護市 字仲尾
0%
今帰仁村 | 名護市 字仲尾次
0%
名護市 字真喜屋
0%
名護市 字稲嶺
0%
名護市 字嘉陽
0%
名護市 字汀間
0%
名護市 字安部
0%
名護市 字運天原
0%
名護市 字済井出
0%
名護市 字我部
0%
名護市 字饒平名
0%
名護市 真喜屋
0%
名護市 大東
0%
名護市 大中
0%
名護市 大西
0%
南風原町 | 糸満市 字照屋
0%
糸満市 字兼城
0%
糸満市 字座波
0%
糸満市 字賀数
0%
久米島町 | 糸満市 字宇江城
0%
糸満市 字真栄平
0%
糸満市 字伊敷
0%
糸満市 字小波蔵
0%
糸満市 字糸洲
0%
糸満市 字束里
0%
糸満市 字福地
0%
久米島町 | 糸満市 字山城
0%
糸満市 字大度
0%
糸満市 字摩文仁
0%
糸満市 西崎町
0%
糸満市 西川町
0%
沖縄市 照屋
0%
沖縄市 住吉
0%
沖縄市 嘉間良
0%
沖縄市 八重島
0%
沖縄市 仲宗根町
0%
沖縄市 明道
0%
沖縄市 海邦町
0%
沖縄市 美原
0%
沖縄市 古謝津嘉山町
0%
沖縄市 潮乃森
0%
大宜味村 | 豊見城市 字饒波
0%
うるま市 | 久米島町 字具志川
0%
うるま市 字赤野
0%
うるま市 字宇堅
0%
うるま市 字天願
0%
うるま市 字昆布
0%
うるま市 字栄野比
0%
うるま市 字川崎
0%
うるま市 字安慶名
0%
うるま市 字平良川
0%
うるま市 字仲嶺
0%
うるま市 字兼箇段
0%
うるま市 字赤道
0%
うるま市 | 久米島町 字大田
0%
うるま市 字塩原
0%
うるま市 字前原
0%
うるま市 字洲崎
0%
うるま市 みどり町
0%
うるま市 喜仲
0%
うるま市 石川石崎
0%
うるま市 石川白浜
0%
うるま市 石川東山本町
0%
うるま市 石川山城
0%
うるま市 石川赤崎
0%
うるま市 石川楚南
0%
うるま市 与那城照間
0%
うるま市 与那城
0%
うるま市 与那城饒辺
0%
うるま市 与那城安勢理
0%
うるま市 与那城屋慶名
0%
うるま市 与那城平安座
0%
うるま市 与那城池味
0%
うるま市 与那城伊計
0%
うるま市 勝連平安名
0%
うるま市 勝連平敷屋
0%
うるま市 勝連津堅
0%
宮古島市 平良字下里
0%
宮古島市 平良字東仲宗根
0%
宮古島市 平良字西中宗根
0%
宮古島市 平良字荷川取
0%
宮古島市 平良字久貝
0%
宮古島市 平良字松原
0%
宮古島市 平良字東仲宗根添
0%
宮古島市 平良字大浦
0%
宮古島市 平良字島尻
0%
宮古島市 平良字狩俣
0%
宮古島市 平良字池間
0%
宮古島市 平良字前里
0%
宮古島市 平良字大神
0%
宮古島市 城辺字福里
0%
宮古島市 城辺字西里添
0%
宮古島市 城辺字保良
0%
宮古島市 城辺字砂川
0%
宮古島市 城辺字下里添
0%
宮古島市 城辺字長間
0%
宮古島市 下地字洲鎌
0%
宮古島市 下地字川満
0%
宮古島市 下地字来間
0%
宮古島市 上野字上野
0%
宮古島市 上野字新里
0%
宮古島市 上野字宮国
0%
宮古島市 伊良部字伊良部
0%
宮古島市 伊良部字国仲
0%
宮古島市 伊良部字佐和田
0%
宮古島市 伊良部字池間添
0%
宮古島市 伊良部字前里添
0%
南城市 玉城字親慶原
0%
南城市 玉城字百名
0%
南城市 玉城字中山
0%
南城市 玉城字志堅原
0%
南城市 玉城字富里
0%
南城市 玉城字屋嘉部
0%
南城市 玉城字糸数
0%
南城市 玉城字喜良原
0%
南城市 玉城字船越
0%
南城市 玉城字愛地
0%
南城市 玉城字前川
0%
南城市 玉城字堀川
0%
南城市 知念字志喜屋
0%
南城市 知念字具志堅
0%
南城市 知念字吉富
0%
南城市 知念字久手堅
0%
南城市 知念字安座真
0%
南城市 知念字知名
0%
南城市 知念字海野
0%
南城市 知念字久原
0%
南城市 佐敷字津波古
0%
南城市 佐敷字新里
0%
南城市 佐敷字佐敷
0%
南城市 佐敷字手登根
0%
南城市 佐敷字仲伊保
0%
南城市 佐敷字冨祖崎
0%
南城市 佐敷字新開
0%
南城市 佐敷字つきしろ
0%
南城市 大里字嶺井
0%
南城市 大里字仲間
0%
南城市 大里字高平
0%
南城市 大里字稲嶺
0%
国頭村 字比地
0%
国頭村 字鏡地
0%
国頭村 字伊地
0%
国頭村 字佐手
0%
国頭村 字宇嘉
0%
大宜味村 字田嘉里
0%
大宜味村 字真如嘉
0%
大宜味村 字大兼久
0%
大宜味村 字根路銘
0%
大宜味村 字屋古
0%
大宜味村 字押川
0%
大宜味村 字大保
0%
大宜味村 字白浜
0%
東村 字慶佐次
0%
今帰仁村 字今泊
0%
今帰仁村 字兼次
0%
今帰仁村 字諸志
0%
今帰仁村 字平敷
0%
今帰仁村 字越地
0%
今帰仁村 字仲宗根
0%
今帰仁村 字呉我山
0%
今帰仁村 字湧川
0%
今帰仁村 字天底
0%
今帰仁村 字渡喜仁
0%
今帰仁村 字古宇利
0%
本部町 字瀬底
0%
本部町 字崎本部
0%
本部町 字健堅
0%
本部町 字辺名地
0%
恩納村 | 本部町 字谷茶
0%
本部町 字大嘉陽
0%
本部町 字伊豆味
0%
本部町 字並里
0%
本部町 字伊野波
0%
本部町 字浜元
0%
本部町 字浦崎
0%
本部町 字謝花
0%
本部町 字北里
0%
本部町 字嘉津宇
0%
本部町 字具志堅
0%
本部町 字新里
0%
本部町 字備瀬
0%
南風原町 | 本部町 字山川
0%
恩納村 字名嘉真
0%
恩納村 字喜瀬武原
0%
恩納村 字安富祖
0%
恩納村 字瀬良垣
0%
恩納村 字冨着
0%
恩納村 字前兼久
0%
久米島町 | 恩納村 字仲泊
0%
恩納村 字真栄田
0%
宜野座村 字漢那
0%
宜野座村 字惣慶
0%
宜野座村 字宜野座
0%
金武町 字伊芸
0%
金武町 字屋嘉
0%
伊江村 字東江上
0%
伊江村 字東江前
0%
伊江村 字西江上
0%
伊江村 字西江前
0%
読谷村 字伊良皆
0%
読谷村 字都屋
0%
読谷村 字渡具知
0%
読谷村 字大湾
0%
読谷村 字大木
0%
嘉手納町 字野里
0%
北谷町 字玉上
0%
北谷町 字伊平
0%
北谷町 字砂川
0%
北中城村 字仲順
0%
北中城村 字和仁屋
0%
北中城村 字渡口
0%
北中城村 字瑞慶覧
0%
北中城村 字萩道
0%
中城村 字伊集
0%
中城村 字和宇慶
0%
中城村 字南浜
0%
中城村 字北浜
0%
中城村 字添石
0%
中城村 字伊舎堂
0%
中城村 字久場
0%
中城村 字登又
0%
西原町 字徳佐田
0%
西原町 字森川
0%
西原町 字千原
0%
西原町 字呉屋
0%
西原町 字津花波
0%
西原町 字小橋川
0%
西原町 字掛保久
0%
西原町 字与那城
0%
西原町 字安室
0%
西原町 字池田
0%
西原町 字小波津
0%
与那原町 字上与那原
0%
与那原町 字板良敷
0%
南風原町 字宮平
0%
南風原町 字神里
0%
久米島町 | 座間味村 字阿嘉
0%
座間味村 字慶留間
0%
座間味村 字阿佐
0%
座間味村 字阿真
0%
南大東村 字在所
0%
南大東村 字池之沢
0%
南大東村 字新東
0%
南大東村 字旧東
0%
北大東村 字中野
0%
北大東村 字ラサ
0%
伊平屋村 字田名
0%
伊平屋村 字前泊
0%
伊平屋村 字我喜屋
0%
久米島町 | 伊平屋村 字島尻
0%
伊平屋村 字野甫
0%
伊是名村 字仲田
0%
伊是名村 字伊是名
0%
伊是名村 字内花
0%
久米島町 字比屋定
0%
久米島町 字真謝
0%
久米島町 字宇根
0%
久米島町 字謝名堂
0%
久米島町 字真我里
0%
久米島町 字銭田
0%
久米島町 字西銘
0%
久米島町 字北原
0%
久米島町 字鳥島
0%
八重瀬町 字伊覇
0%
八重瀬町 字富盛
0%
八重瀬町 字世名城
0%
八重瀬町 字当銘
0%
八重瀬町 字小城
0%
八重瀬町 字友寄
0%
八重瀬町 字後原
0%
八重瀬町 字大頓
0%
八重瀬町 字仲座
0%
八重瀬町 字長毛
0%
多良間村 字仲筋
0%
多良間村 字塩川
0%
多良間村 字水納
0%
竹富町 字高那
0%
竹富町 字古見
0%
竹富町 字南風原仲
0%
竹富町 字西表
0%
竹富町 字鳩間
0%
竹富町 字小浜
0%
竹富町 字黒島
0%
竹富町 字波照間
0%
No matching quizzes found
Score Distribution
Percent of People with Each Score
Percentile by Number Answered
Your Score History
You have not taken this quiz since the last reset